00972 2200193 4500001002100000005001500021035002000036008004100056082001100097245010900108260003900217084001700256100001900273300002100292650001200313650000900325520043100334990001300765INLIS00000000000110420260506063202 a0010-0521001104260506 g 0 eng  a919.221 aFrom jungle to Java : the trivial impressions of a short excursion to Netherlands India /cArthur Keyser aWestminster :bThe Roxburghe Press a919.22 KEY f0 aKEYSER, Arthur a129 p. ;c21 cm. 4aTRAVELS 4aJAVA aBuku ini merupakan catatan perjalanan yang menggambarkan pengalaman penulis menjelajahi kawasan Asia Tenggara hingga Pulau Jawa. Isinya menyoroti kondisi alam tropis, kehidupan masyarakat lokal, serta perubahan dari wilayah hutan menuju lingkungan yang lebih berkembang. Ditulis secara naratif, karya ini memberikan gambaran tentang situasi sosial dan alam pada masa kolonial, sekaligus mencerminkan perspektif pengamat Eropa. a107 F 11